000 00996nmm a2200301 a 4500
001 ocm0002016156
003 TR-IsHL
005 20201028180212.0
008 181205s2015 tu tur
007 cr cn
020 _a9786052007006
035 _a2016156
_b(N$T)
050 0 4 _aPL248.T467
_bS65 2015
090 0 4 _aPL248.T467
_bS65 2015
100 1 _aTanrısever, Sevgi
245 1 0 _aÖğretmenim Atatürk
_h[electronic resource] /
_cSevgi Tanrısever ; editör Zeynep Çelik Gültekin
250 _a2. Baskı
260 _aİstanbul :
_bBizim Kitaplar,
_c2015
300 _a56 p.
650 4 _aDil ve Edebiyat
650 4 _aLanguage and Literature
650 0 _aAtatürk, Mustafa Kemal, 1881-1938
650 0 _aChildren story, Turkish
650 0 _aÇocuk hikayeleri, Türk
650 7 _aJUVENILE FICTION / General
_2bisacsh
700 1 _aGültekin, Zeynep Çelik
856 4 0 _uhttp://search.ebscohost.com/login.aspx?direct=true&scope=site&db=e011xww&AN=2016156
999 _c19029
_d19029